000 00834nam a22002297a 4500
005 20240530110605.0
008 161102s2015 ua g b 000 0 ara d
017 _bمصر. دار الكتب
_a2014/25095
020 _a9777800013
040 _aEG-CaGPL
_cEG-CaGPL
082 0 4 _221
_a370.15\
_bر د
100 0 _aراشد مرزوق راشد .
245 1 0 _aدراسات فى علم النفس :
_bتأصيل نظرى و قياس /
_cراشد مرزوق راشد .
250 _aط.1
260 _aالقاهرة :
_bعالم الكتب ،
_c2015 .
300 _a458 ص :
_bايض ؛
_c24 سم .
504 _aببليوجرافية : ص 435 - 441
650 0 7 _2qrmak
_aعلم النفس التربوى .
650 0 7 _2qrmak
_aالذكاء الوجدانى .
942 _2ddc
_cBK
999 _c62751
_d62751